000 01110cam a2200217 4500
001 ##L134532
008 060814n2006 000 0 eng u
035 _a(Sirsi) u134532
041 0 _aeng
050 0 4 _a711.1 $2 18
110 1 _aUnited Kingdom
_bAudit Commission
_93863
245 0 0 _aRoute map to improved planning obligations
_bimproving performance on section 106 agreements
260 _aLondon
_bAudit Commisssion
_c2006
520 _aDescribes the steps that councils need to adopt to improve their approach to s106 agreements and to address some common weaknesses. Accompanies the "Value for money self-assessment guide" (L134531). (See also L134535).
590 _aIKA220806
650 2 4 _aTOWN AND COUNTRY PLANNING ACT 1990 S106
651 4 _aEngland
_y886-
690 _aENVIRONMENTAL AND LAND CONSULTANCY-PLANNING AND DEVELOPMENT-PLANNING GUIDANCE
856 4 0 _uhttps://www.audit-commission.gov.uk/SiteCollectionDocuments/AuditCommissionReports/NationalStudies/securingcommunitybenefitsroutemap.pdf
_zView the route map free of charge at www.audit-commission.gov.uk...
942 _n0
_2ddc
999 _c105717
_d105717